The wolves in the walls / (Record no. 9980)

MARC details
000 -LEADER
fixed length control field 00951nam a22002777a 4500
001 - CONTROL NUMBER
control field 9980
003 - CONTROL NUMBER IDENTIFIER
control field FISKH
005 - DATE AND TIME OF LATEST TRANSACTION
control field 20260323124837.0
008 - FIXED-LENGTH DATA ELEMENTS--GENERAL INFORMATION
fixed length control field 260323b cb ||||| |||| 00| 0 eng d
020 ## - INTERNATIONAL STANDARD BOOK NUMBER
International Standard Book Number 9780747591627
040 ## - CATALOGING SOURCE
Original cataloging agency FISKH
Language of cataloging eng
Transcribing agency FISKH
Modifying agency FISKH
050 ## - LIBRARY OF CONGRESS CALL NUMBER
Classification number PZ7 .G1273 .W
082 ## - DEWEY DECIMAL CLASSIFICATION NUMBER
Classification number 823.9
100 ## - MAIN ENTRY--PERSONAL NAME
Personal name Gaiman, Neil
Relator term Author
245 ## - TITLE STATEMENT
Title The wolves in the walls /
Statement of responsibility, etc. Written by Neil Gaiman ; illustrated by Dave McKean
260 ## - PUBLICATION, DISTRIBUTION, ETC.
Place of publication, distribution, etc. London :
Name of publisher, distributor, etc. Bloomsbury Publishing Plc. ,
Date of publication, distribution, etc. 2003
300 ## - PHYSICAL DESCRIPTION
Extent 34 unnumbered pages :
Other physical details color illustrations ;
Dimensions 26 cm
505 ## - FORMATTED CONTENTS NOTE
Formatted contents note J<br/>
520 ## - SUMMARY, ETC.
Summary, etc. Lucy is sure there are wolves living in the walls of her house, although others in her family disagree, and when the wolves come out, the adventure begins.<br/>
521 8# - TARGET AUDIENCE NOTE
Target audience note 500<br/>
Source Lexile<br/>
521 8# - TARGET AUDIENCE NOTE
Target audience note J<br/>
Source Raz-Plus<br/>
650 ## - SUBJECT ADDED ENTRY--TOPICAL TERM
Topical term or geographic name entry element Children's literature Animal
700 ## - ADDED ENTRY--PERSONAL NAME
Personal name McKean, Dave
Relator term Illustrator
942 ## - ADDED ENTRY ELEMENTS (KOHA)
Source of classification or shelving scheme Dewey Decimal Classification
Koha item type Books
Suppress in OPAC No
Holdings
Withdrawn status Lost status Source of classification or shelving scheme Damaged status Not for loan Collection Home library Current library Shelving location Date acquired Total Checkouts Full call number Barcode Date last seen Copy number Price effective from Koha item type
    Dewey Decimal Classification     Juvenile Fiction Footprints International School Library Network Toul Tom Poung Campus Footprints International School Library Network Toul Tom Poung Campus TTP Primary Dark Blue Bookshelves 03/23/2026   GAI 823.9 PZ7 .G1273 .W 2026-0361 03/23/2026 1 03/23/2026 Books